| 000 | 00910nas a2200289 4500 | ||
|---|---|---|---|
| 001 | BR0400650 | ||
| 003 | BR-BrBNA | ||
| 005 | 20231205104322.0 | ||
| 007 | ta | ||
| 008 | 230509b bl.|||p| |||| 00| 00por d | ||
| 040 |
_aBR-BrBNA _bpor _cBiblioteca Nacional de Agricultura |
||
| 041 | _a(En) | ||
| 072 | _aP35 | ||
| 100 | 1 | _aStamford, N.P. | |
| 100 | 1 | _aSantos, P.R. dos | |
| 100 | 1 | _aMoura, A.M.M.F. de | |
| 100 | 1 | _aSantos, C.E. de R. e S. | |
| 100 | 1 | _aFreitas, A.D.S. de | |
| 245 | 1 | _aBiofertilizers with natural phosphate, sulphur and Acidithiobacillus in a soil with low available-P | |
| 650 | _aSOLO ÁCIDO | ||
| 650 | _aFERTILIZANTE FOSFATADO | ||
| 650 | _aJICAMA | ||
| 650 | _aDISPONIBILIDADE DE NUTRIENTE | ||
| 773 | 0 |
_tScientia Agrícola (Brazil) _xISSN 0103-9016 _g(Oct-Dec 2003), v. 60(4) p. 767-773 _wBR0400650 |
|
| 909 |
_a202311 _bLúcia _c55 _dLúcia Elande |
||
| 942 |
_2AGRIS _n0 _cANA |
||
| 999 |
_c177532 _d177532 |
||